000 00814nam a2200253 i 4500
001 000046404
003 DO-SdBNP
005 20251028151125.0
007 ta
008 150810s2000 dr ac 000 0 spa d
040 _aDO-SdBNP
_bspa
_cBNPHU
_erda
041 _aspa
082 4 _axxx
_bA882c
_222
245 0 0 _a¡Atrevernos! :
_ba construir lo diferente; lineamientos fundamentales /
_cLuis Schéker Ortiz... [et. al.].
260 _c2000.
264 _aSanto Domingo, República Dominicana :
_bEditora de Colores,
_c2000.
300 _a50 páginas :
_bilustraciones, retratos
_c19 cm.
336 _atexto
_btxt
_2rdacontent
337 _asin mediación
_bn
_2rdamedia
338 _avolumen
_bnc
_2rdacarrier
700 1 2 _aSchéker Ortiz, Luis
_99515
700 1 2 _aLópez, Junio
_974426
942 _2ddc
_cLBS1
999 _c45893
_d45893